Picture for language learning (0 521 35800 0)

Shranjeno v:
Bibliografske podrobnosti
Glavni avtor: ANDREW WRIGHT
Format: Knjiga
Jezik:Undetermined
Izdano: Cambridge 1999
Oznake: Označite
Brez oznak, prvi označite!
Thư viện lưu trữ: Trung tâm Học liệu Trường Đại học Cần Thơ
LEADER 00415nam a2200145Ia 4500
001 CTU_49607
008 210402s9999 xx 000 0 und d
082 |a 418.007 
082 |b W947 
100 |a ANDREW WRIGHT 
245 0 |a Picture for language learning (0 521 35800 0) 
245 0 |c ANDREW WRIGHT, ANDREW WRIGHT 
260 |b Cambridge 
260 |c 1999 
980 |a Trung tâm Học liệu Trường Đại học Cần Thơ